| 000 | 01523nam a22004217a 4500 | ||
|---|---|---|---|
| 001 | 000096088 | ||
| 003 | CHAP | ||
| 005 | 20220329143141.0 | ||
| 008 | 060821d2006 mx r 00110 spa d | ||
| 010 | _a92554 | ||
| 011 | _a93526 | ||
| 035 | _a104102 | ||
| 040 | _cCHAP | ||
| 090 | _aTesis | ||
| 100 | 1 |
_aLópez López, Daniela. _968028 |
|
| 245 | 1 | 0 |
_aDiseño de un reactor a presión para hidrolizar bagazo de caña de azúcar / _c/por Daniela López López. |
| 260 |
_aChapingo, Méx. : _bEl autor, _c2006. |
||
| 300 | _a101 h. | ||
| 502 | _aTesis (Ing. Agroindustrial) -- UACH. Departamento de Ingeniería Agroindustrial | ||
| 590 |
_aALEPH _b10 _c20130110 _lUCH01 _h1513 |
||
| 590 |
_aBATCH-UPD _b10 _c20130110 _lUCH01 _h1454 |
||
| 590 |
_aBATCH-UPD _b10 _c20130410 _lUCH01 _h0919 |
||
| 590 |
_aBATCH-UPD _b10 _c20130914 _lUCH01 _h0521 |
||
| 590 |
_aBATCH-UPD _b10 _c20130914 _lUCH01 _h2143 |
||
| 590 |
_aBATCH-UPD _b10 _c20140324 _lUCH01 _h1458 |
||
| 590 |
_aBATCH-UPD _b10 _c20141002 _lUCH01 _h0831 |
||
| 590 |
_aCONVERSION _b10 _c20130109 _lUCH01 _h1351 |
||
| 590 |
_aE5765TAJ _b10 _c20130531 _lUCH01 _h1002 |
||
| 650 | 1 | 4 |
_aBagazo. _99395 |
| 650 | 1 | 4 |
_aCaña de azúcar _xSubproductos. _918648 |
| 856 |
_3Finding aid _uhttp://10.13.5.2/tesis/104102.pdf _zTeclea aquí |
||
| 901 | _aBK | ||
| 905 | _aAlejandra Carrasco M. | ||
| 942 | _cCD | ||
| 942 | _n0 | ||
| 949 |
_aTesis _bBC _cTES _d00000001041021 _eTS1 _gDonaciØn _h45391 _i104102 _sb |
||
| 949 |
_aTesis _bBC _cTES _d33724000992285 _eTS2 _fc.2 _gDonaciØn _h45392 _i104102 _sb |
||
| 999 |
_c92554 _d92554 |
||